000
00329nam a2200145Ia 4500
005
20251222144703.0
008
251222s9999||||xx |||||||||||||| ||spa||
020
_a
92-1-300101-0
082
_a
025.49/V63
100
_a
Viet, Jean
245
0
_a
Macrothesaurus:
250
_a
3a.ed.
264
_b
Naciones Unidas
942
_c
LIB
999
_c
17515
_d
17515